01010nam a2200253 a 4500001001000000003000900010005001700019008004100036020001500077040002500092082001800117100004900135240007900184245010900263260003000372300003500402490001100437500014000448600004700588650003700635651004700672700002600719830001100745000044557DO-SdBNP20250307123728.0140716s1995 enkab 000 0 spa d a2865375714 aDO-SdBNPbspacBNPHU a972.94bL147r1 aLacroix, Pamphile decvicomte de,d1774-184210aMémoires pour servir à l'histoire de la Révolution de Saint-Domingue13aLa révolution de Haiti /cPamphile de Lacroix ; edition présentée et annotée par Pierre Pluchon. aParis :bKarthala,c1995. a525 p. :bil., mapas ;c24 cm.1 aRelire aPublicado originalmente : Mémoires pour servir à l'histoire de la Révolution de Saint-Domingue. Paris :Pamphile de Lacroix, 1819.14aLACROIX, PAMPHILE,cVICOMTE DE,d1774-1842 4aGeneraleszFranciaxBiografías 4aHaitíxHistoriayREVOLUCIÓN, 1791-180412aPluchon, Pierre,eed. 0aRelire